| 000 | 00446nam a2200157 4500 | ||
|---|---|---|---|
| 001 | 132999 | ||
| 003 | ES-MaACL | ||
| 005 | 20230906194311.0 | ||
| 007 | t| | ||
| 008 | 070214s1953 xxu r ||||1| eng d | ||
| 100 | 1 |
_aRoss, Ishbel. _999813 |
|
| 245 | 1 | 0 |
_aProud Kate _b: portrait of an ambitious woman / _cIshbel Ross. |
| 260 |
_aNew York : _bHarper and Brothers, _c1953. |
||
| 300 |
_a309 p. ; _c21 cm. |
||
| 852 |
_aES-MaACL _jC-25134 _bR.53997 |
||
| 999 |
_c132999 _d132999 |
||